Stíny a světlo : Umění a vizuální skušenost

Salvato in:
Dettagli Bibliografici
Autore principale: Baxandall, Michael (Autore)
Altri autori: Pšeja, Pavel (Traduttore)
Natura: Libro
Pubblicazione: Brno : Barrister & Principal, 2003
Soggetti:
Tags: Aggiungi Tag
Nessun Tag, puoi essere il primo ad aggiungerne!!

MARC

LEADER 00000nam a22000003a 4500
001 stu85816
005 20150617225633.2
008 040414s2003----------------------------d
020 |a 8086598586 
040 |a STU  |b slo 
041 0
100 1 |a Baxandall, Michael  |4 aut 
245 1 |a Stíny a světlo :  |b Umění a vizuální skušenost 
260 |a Brno :  |b Barrister & Principal,  |c 2003 
300 |a 205 s 
650 7 |a umenie  |2 stusub 
650 7 |a umenie výtvarné  |2 stusub 
700 1 |a Pšeja, Pavel  |4 trl 
996 |b 284AU01322  |c A*3987 U  |l AAKNAR  |s A  |a 24  |w stu85816_0001